Quizzes
Events
Quiz Creation
Community
Videos
Private Events
Remove Ads
Sign In
Join for FREE
Feedback
Dark Mode
Quiz Categories
Sports
Geography
Music
Movies
Television
Just For Fun
Miscellaneous
History
Literature
Language
Science
Gaming
Entertainment
Religion
Holiday
For Kids
Quiz Lab
Recent
Popular Today
Quiz Kudos Today
Editor Picks
Curator Picks
Quizzes by...
Day
Popularity
Type
Ratings
Length
Year
Community
Subscriptions
Recent Discussions
Orange Saloon
Badges
Playlists
Quests
Create
Leaderboards
Showdown
Live 5
Trivia Bingo
Activity
Puzzle Library
Sporcle Events
Private Events
Virtual Trivia
Globe League
Become a Host
Pub Owners
SporcleCon
Opinionation
Our Games
Videos
Blog
Mobile Apps
Partnerships
Remove Ads and Go Orange
Feedback
Sports
Athletes
MLB
NBA
NHL
NFL
Soccer
Sports Teams
WWE
NCAA
Football
Premier League
Basketball
Baseball
Hockey
Golf
Tennis
Cricket
Rugby
Auto Racing
Olympics
World Cup
Sports
Athletes
MLB
NBA
NHL
NFL
Soccer
Sports Teams
WWE
NCAA
Football
Premier League
Basketball
Baseball
Hockey
Golf
Tennis
Cricket
Rugby
Auto Racing
Olympics
World Cup
Random Quiz
Search Sporcle
×
Quiz Lab
Quiz Lab
Sports
State
Type in answers that appear in a list
Type in answers that appear in a list
Classic
Best Score? Go Orange.
Indiana High school men's cross country state champion Stats
Can you name the Indiana High school men's cross country state champion ?
By
bulldogs1
10m
61 Questions
81 Plays
81 Plays
81 Plays
Comments
Comments
Give Quiz Kudos
Give Quiz Kudos
-
- Ratings
hide this ad
Replay
Link that replays current quiz
Next Quiz
Link to next quiz in quiz playlist
You Got
0%
They Got
Avg Score
63%
Avg Friend Score
Upgrade to see
Score Distribution
Jump to the score distribution portion of the page
Score
0/61
Timer
10:00
0
Plays Today
Year
Team
% Correct
1976
Carmel
97.5%
1977
Carmel
97.5%
1978
Carmel
97.5%
1979
Carmel
97.5%
1981
Carmel
97.5%
1982
Carmel
97.5%
1987
Carmel
97.5%
1988
Carmel
97.5%
1993
Carmel
97.5%
1996
Carmel
97.5%
2008
Carmel
97.5%
1961
Ben Davis
81.5%
1989
Ben Davis
81.5%
1990
Ben Davis
81.5%
1995
Ben Davis
81.5%
2002
Columbus North
81.5%
2003
Columbus North
81.5%
2009
Columbus North
81.5%
2010
Columbus North
81.5%
1969
North Central
79%
1980
Bloomington North
75.3%
2007
Fishers
74.1%
2005
Warren Central
71.6%
2006
Warren Central
71.6%
2001
Franklin
70.4%
1950
Anderson
66.7%
1951
Anderson
66.7%
1952
Anderson
66.7%
1955
Anderson
66.7%
1959
Anderson
66.7%
1998
Franklin Central
66.7%
Year
Team
% Correct
1966
Valparaiso
61.7%
1983
Valparaiso
61.7%
1985
Valparaiso
61.7%
1986
Valparaiso
61.7%
1997
Valparaiso
61.7%
2000
Valparaiso
61.7%
1956
Muncie Central
54.3%
1958
Muncie Central
54.3%
1967
Muncie Central
54.3%
1974
Portage
54.3%
1984
Portage
54.3%
1992
Portage
54.3%
1999
Portage
54.3%
1970
Southport
51.9%
1971
Southport
51.9%
1972
Terre Haute North
51.9%
1973
Elkhart Central
51.9%
1975
Southport
51.9%
1994
Richmond
51.9%
1991
Floyd Central
39.5%
1964
West Lafayette
38.3%
2004
Northridge
37%
1962
Gary Roosevelt
32.1%
1963
Ashley
28.4%
1957
Hobart
23.5%
1960
Hobart
23.5%
1953
Indianapolis Shortridge
19.8%
1954
Indianapolis Shortridge
19.8%
1968
Fort Wayne North Side
9.9%
1965
Gary Calumet
0%
Quiz Playlist
Details
Report
Send in Message
Add To Playlist
Classic:
Type in answers that appear in a list
Last Updated: Feb 16, 2017
Quiz Scoreboard
CHALLENGE
Sign Up to Join the Scoreboard
Show All
Scores
Hide
Comments
May contain spoilers
Recently Published
Street Fighter Characters
by Artimus82
Gaming
60s
9x9 Crossword: Cartoon Network
by jackfrog10
Miscellaneous
3m
College Basketball Coaching Resumes
by pancakes188
Sports
9m
More to Explore
Quiz From the Vault
Featured Blog Post
Where Did the Easter Bunny Come From?
hide this ad
You Might Also Like...
Tags
Country Quiz
State Quiz
champion
cross
Indiana
men
school
team
Today's Top Quizzes in Sports
Browse Sports
hide this ad
Today's Top Quizzes in State
Browse State
Top Contributed Quizzes in Sports
1
2022 World Cup Stars
2
Les meilleurs buteurs des matchs entre le PSG et l’OM
3
FIFA Club World Cup Champions
4
Les entraîneurs de l'OM et du PSG au 21e siècle
5
Criteria MLB: Left Handed Sluggers
6
2023 MLB Unique Player Accomplishments
7
AFC Teams Reveal (Wrong Answers Minefield)
8
Players with Multiple 50 Home Run Seasons
9
5-to-1: FBS Animal Nicknames
10
5-to-1: UK Sports Teams
Explore More
Trending Topics
Marvel
Anime
Harry Potter
Disney
Crossword
NBA
Kpop
Soccer
Country
NFL
Song
Puzzle
Pokémon
The Office
WWE
hide this ad
More By:
bulldogs1
Quiz
Plays
Rating
Category
Featured
Created
Indiana High school men's cross country state champion
81
Sports
Aug 10, 2011
CNXC All Staters
7
Sports
Aug 10, 2011
What College did they go to?
5
1.00
Sports
Aug 12, 2011
Go to Creator's Profile
Score Distribution
Quiz Creator Spotlight
bulldogs1
Follow
Send a Message
Quizzes Created
-
Created Quiz Play Count
-
More By This Creator
Popular Quizzes Today
1
Find the US States - No Outlines Minefield
2
Find the Countries of Europe - No Outlines Minefield
3
The Countries of the World
4
Find the US States
5
Risky Map Clicking: Biggest States A-Z
6
US States
7
Popular People in 1961
8
Movies - When Are They Set?
More Sports Quizzes
NCAA Profile: Princeton
Published
Trending Quizzes
Risky Map Clicking: Least Populous States A-Z
1-10 Letter G Words
Risky Map Clicking: Next State Alphabetically
Adjectives in 80s TV Shows
The Seven Year Switch: Catherine
Recently Updated
Leaping Animals
pecheneg
Reality TV Shows (A-Z)
bhenderson79
Rickey Henderson's Hall of Fame Teammates
pecheneg
Champions League XIs: Arsenal
pecheneg
Quick Pick: Celebrities in WWE's Hall of Fame
aduchscher
A-Z Keypad Blitz II
pecheneg
Multiple Oscar Actors
pecheneg
Mystery Phrase Blitz: Oscar 'Best Actors'
pecheneg
F. Scott Fitzgerald Novels
LTH
Pick 3 Villains
ddd62291
Trending Topics
Marvel
Crossword
NBA
Anime
Harry Potter
Kpop
Disney
Soccer
The Office
Country
Song
Puzzle
WWE
NFL
Pokémon
Your Account Isn't Verified!
In order to create a playlist on Sporcle, you need to verify the email address you used during registration. Go to your
Sporcle Settings
to finish the process.
Report this User
Report this user for behavior that violates our
Community Guidelines
.
Details:
Send Report
Go to the Sporcle.com Mobile Site →
Comments